Học ăn học nói học gói học mở

Guardat en:
Dades bibliogràfiques
Autor principal: vn
Format: Llibre
Idioma:Vietnamese
Publicat: Sunshine 2000
Etiquetes: Afegir etiqueta
Sense etiquetes, Sigues el primer a etiquetar aquest registre!
Thư viện lưu trữ: Mạng thư viện Đại học Đà Nẵng
LEADER 00585nam a2200265 4500
001 000027242
003 đoan
005 20150904120000.0
008 150904s vm 000 vie
020 |c 0,0000 
040 |a D1 
100 |a vn 
245 |a Học ăn học nói học gói học mở 
260 |b Sunshine  |c 2000 
OWN |a LTT 
999 |a From the UDN01 
TYP |a Monograph 
TYP |a Printed language 
980 |a Mạng thư viện Đại học Đà Nẵng